000 00706nam a2200193 i 4500
001 183762
003 ES-MaACL
005 20231204180722.0
008 141010s1879 sp |||| | spa d
100 1 _aVallejo, José Mariano,
_d1779-1846
_9139765
245 1 0 _aDel mal el menos
_b: folleto acerca del juego, y de la hoy necesaria derogación del art. 358 del código penal /
_cpor M. V.
260 _aMadrid :
_bDiego Valero,
_c1879.
300 _a55 p. ;
_c18 cm.
530 _aDisponible en formato digital.
650 0 4 _aJuego.
_914013
852 _aES-MaACL
_jT-300-F-2
856 4 1 _uhttp://bdh-rd.bne.es/viewer.vm?id=0000083304&page=1
_zBiblioteca Digital Hispánica
999 _c183762
_d183762